| 000 -LEADER |
| fixed length control field |
01709pab a2200181 454500 |
| 008 - FIXED-LENGTH DATA ELEMENTS--GENERAL INFORMATION |
| fixed length control field |
180718b2012 xxu||||| |||| 00| 0 eng d |
| 100 ## - MAIN ENTRY--PERSONAL NAME |
| Personal name |
Klem, Bart |
| 245 ## - TITLE STATEMENT |
| Title |
In the eye of the storm: Sri Lanka's front - line civil servants in transition |
| 260 ## - PUBLICATION, DISTRIBUTION, ETC. |
| Date of publication, distribution, etc. |
2012 |
| 300 ## - PHYSICAL DESCRIPTION |
| Extent |
p.695-717. |
| 362 ## - DATES OF PUBLICATION AND/OR SEQUENTIAL DESIGNATION |
| Dates of publication and/or sequential designation |
May |
| 520 ## - SUMMARY, ETC. |
| Summary, etc. |
This article narrates how bureaucrats in eastern Sri Lanka operated during and after the war. They managed to keep minimal state services running whilst being locked between the government and the insurgent Liberation Tigers of Tamil Eelam (LTTE). When the government defeated the LTTE in 2009, civil servants were freed from rebel coercion, but they also lost their counterweight against unappreciated policies from the capital and interference by local politicians. The article links the thinking on armed conflicts with the literature that conceptualizes 'the state' not as a coherent entity, but as a subject of continuous negotiation. The state's insigne provides a sense of legitimacy and supremacy, but governmenthave no monopoly on using it. Other powerful actors capture state institutions, resources and discourse for contradictory purposes. This perspective helps us reconcile the appearance of bureaucratic order with the peculiar and hybrid forms of rule that emerged in the war between rebels and government, and it sheds light on some of the surprising changes and continuities that occurred when that war ended. Public administration is neither just a victim of war, nor plainly a victor of the post-war situation. - Reproduced. |
| 650 ## - SUBJECT ADDED ENTRY--TOPICAL TERM |
| Topical term or geographic name entry element |
Civil service - Sri Lanka |
| 650 ## - SUBJECT ADDED ENTRY--TOPICAL TERM |
| Topical term or geographic name entry element |
Civil service |
| 773 ## - HOST ITEM ENTRY |
| Main entry heading |
Development and Change |
| 908 ## - PUT COMMAND PARAMETER (RLIN) |
| Put command parameter |
N |
| 909 ## - |
| -- |
96093 |